00615cam a22001931 45000010005000000030008000050050017000130080041000300350018000710400034000890410008001230820016001311000029001472450113001762600032002893000032003215040031003536500037003843444BD-RjUL20211208233730.0131218s1968 nyua b 000 0 eng d a(BD-RjUL)3478 aDLCcDLCdDLCd(BD-RjUL)beng aeng00a335.43bKAC1 aKautsky, John H.,d1922-10aCommunism and the politics of development :bpersistent myths and changing behavior /c[by] John H. Kautsky. aNew York :bWiley ,c[1968] avii, 216 p.billus.c23 cm. aBibliographical footnotes. 0aCommunismzDeveloping countries.